| 000 | 00642nam a2200193Ia 4500 | ||
|---|---|---|---|
| 003 | IN-BaIIA | ||
| 008 | 211028s9999 xx 000 0 eng d | ||
| 040 | _cIIA Library | ||
| 080 |
_a535.33 _bBOC |
||
| 100 |
_aBochkova, O. P. _95195 |
||
| 245 | 0 |
_aSpectroscopic analysis of gas mixtureed _cBochkova, O. P. and E. Ya Shreyder; edited by S. E. Frisch |
|
| 260 |
_aNew York _bAcademic Press _c1965 |
||
| 300 | _axi, 313p. | ||
| 650 | _aAstronomy and Astrophysics Thesaurus | ||
| 650 |
_aSpectroscopy _91535 |
||
| 700 |
_aFrisch, S. E., ed. _95196 |
||
| 700 |
_aShreyder, E. Ya _95197 |
||
| 942 | _cBK | ||
| 999 |
_c2913 _d2913 |
||